La obligacin̤ de alimentos entre parientes

Bibliographic Details
Main Author: Padial Albs̀, Adoracin̤
Other Authors: Maluquer de Motes i Bernet, Carles J. (pr)
Format: Unknown
Language:Spanish
Published: Barcelona : Jos ̌Mara̕ Bosch Editor, 1997
Subjects:
Online Access:Acceso restringido

MARC

LEADER 00000ny a22000003n 4500
005 20110621113319.0
008 980511s1997 sp s 000 0 spa c
017 |a Z2032-1997 
020 |a 9788476984574 
035 |a 1172 
040 |a UMA.DER  |d vlex 
080 |a 347.615 
080 |a 347.615(0.034) 
090 |c 1300  |d 1300 
100 1 |a Padial Albs̀, Adoracin̤ 
245 1 3 |a La obligacin̤ de alimentos entre parientes  |h [Recurso electrn̤ico]  |c Adoracin̤ Padial Albs̀ ; prl̤ogo de Carlos Maluquer de Motes i Bernet 
256 |a Servicio en ln̕ea 
260 |a Barcelona :  |b Jos ̌Mara̕ Bosch Editor,  |c 1997 
300 |a 295 p. ;  |c 24 cm 
504 |a Bibliografa̕:p.269-288 
506 1 |a Contenido solo disponible en los productos indicados  |d vLex Global  |d vLex Global (Academic Edition, excluding Law Schools)  |d vLex Global (U.S. Academic Edition, Law Schools)  |d vLex Global (U.S. Academic Edition, excluding Law Schools)  |d vLex Global (Academic Edition, Law Schools) 
650 0 7 |a Alimentos  |2 Tesauro vLex 
650 0 7 |a Familia  |2 Tesauro vLex 
650 0 7 |a Derecho de alimentos  |2 Tesauro vLex 
650 0 7 |a Obligaciones de alimentos  |2 Tesauro vLex 
650 0 7 |a Obligaciones de parentesco  |2 Tesauro vLex 
700 1 |a Maluquer de Motes i Bernet, Carles J.,  |e pr 
740 0 |a vLex Libros (Servicios en ln̕ea) 
856 4 0 |u http://vlex.com/source/1172  |z Acceso restringido 
942 |c BOOK